| 000 | 01399nam a22002777a 4500 | ||
|---|---|---|---|
| 005 | 20090721153310.0 | ||
| 008 | 090721t xxu||||| |||| 00| 0 hin d | ||
| 010 | _aHIN-87408 | ||
| 020 |
_a9788178791196 _c250.00 |
||
| 035 | _aHN-59754 | ||
| 037 | _bDBAD / PUB | ||
| 040 |
_adpl _bhn |
||
| 082 | _a796.077 | ||
| 100 | _aसपरा, चारू | ||
| 245 |
_aक्रीड़ा अधिशिक्षा एवं निर्णयन / _bचारू सपरा |
||
| 246 |
_bby Charu Sapara _aKridaa adhishikshaa evam nirnayana |
||
| 260 |
_aनई दिल्ली _bस्पोर्टस पब्लिकेशन्स _c2009 |
||
| 270 |
_a7/26,ग्राउण्ड फ्लोर, अंसारी रोड, दरियागंज, _bनई दिल्ली _e110002 _k65749511 _l011-23240261 |
||
| 300 |
_a218पृ. _c22सेमी (अजिल्द) |
||
| 650 | _aअधिशिक्षा (खेलकूद) | ||
| 650 | _aCoaching (Athletics) | ||
| 650 |
_aअधिशिक्षा (खेलकूद) _xप्रशिक्षण |
||
| 650 |
_aCoaching (Athletics) _xTraining of |
||
| 942 |
_2ddc _cHN _mसपरा _h796.077 |
||
| 999 |
_c28491 _d28491 |
||